| 000 | 00863cab a2200241 4500 | ||
|---|---|---|---|
| 001 | WB3430-45 | ||
| 008 | 090401t1998 xxu||||| |||| 00| 0 eng d | ||
| 035 | _a(Sirsi) u87810 | ||
| 041 | _aeng | ||
| 245 | _aTram system | ||
| 260 | _c1998 | ||
| 350 | _a0 | ||
| 490 |
_aPlanning (for the Natural and Built Environment) _v(1279) 31 July 1998, 3(1) |
||
| 520 | _aThe UK`s first fully integrated rapid transport system (RTS) has been given the go-ahead in Northampton. Gas powered vehicles will cover an area of 40km, travelling as normal buses in the suburbs and operating as trams in the town centre. | ||
| 650 | _aINTEGRATED TRANSPORT SYSTEMS | ||
| 650 | _aNORTHAMPTON | ||
| 650 | _aRAPID TRANSPORT SYSTEMS | ||
| 650 | _aTRAM NETWORKS | ||
| 650 | _aTRANSPORT PLANNING | ||
| 690 | _aTRANSPORT AND COMMUNICATIONS | ||
| 942 | _n0 | ||
| 948 | _c05/08/1998 | ||
| 999 |
_c55410 _d55410 |
||